00579nam a2200133Ia 4500008004100000024005600041082002200097100008100119245014200200260002600342600002700368650003300395999001700428260210s9999 xx 000 0 und d a07A-58-EE, 07A-80-EE, 07A-88-EE & 07A-56-EE a621.312136072 ABD aAbdul Basit jamil, Abeer Ahmed Qureshi, Mohammad Farrukh Khan & Ali Raza 0aApplication based Designing of an Alternative Energy System (Using Wind Turbine) with Measuring and Recording of its Digitized Parameters aKarachi:bUITU,c2007 aElectronic Engineering aBachelor of Engineering (BE) c32969d32969